Vedenie daňovej evidencie v roku 2014
Základné informácie o vedení daňovej evidencie, jej výhodách a nevýhodách v porovnaní s vedením účtovníctva a jej využití pri výpočte základu dane a daňovej povinnosti podnikateľa za rok 2014. Daňová evidencia v SR nenahradila jednoduché účtovníctvo (ako v ČR), o spôsobe jej vedenia rozhoduje sám po...
Salvato in:
| Autore principale: | |
|---|---|
| Natura: | Capitolo di libro |
| Lingua: | slovacco |
| Soggetti: | |
| Tags: |
Nessun Tag, puoi essere il primo ad aggiungerne!!
|
MARC
| LEADER | 00000naa a2200000 4500 | ||
|---|---|---|---|
| 001 | 0196134 | ||
| 005 | 20231114104040.9 | ||
| 041 | 0 | |a slo | |
| 044 | |a SK | ||
| 245 | 1 | 0 | |a Vedenie daňovej evidencie v roku 2014 |c Jarmila Strählová |
| 520 | |a Základné informácie o vedení daňovej evidencie, jej výhodách a nevýhodách v porovnaní s vedením účtovníctva a jej využití pri výpočte základu dane a daňovej povinnosti podnikateľa za rok 2014. Daňová evidencia v SR nenahradila jednoduché účtovníctvo (ako v ČR), o spôsobe jej vedenia rozhoduje sám podnikateľ a svoje rozhodnutie nemusí nikomu zdôvodňovať. | ||
| 610 | 2 | 0 | |a evidencia daňová |
| 610 | 2 | 0 | |a podnikatelia |
| 610 | 2 | 0 | |a Slovensko |
| 100 | 1 | |a Strählová, Jarmila | |